00323nam a2200133Ia 45000030006000000080041000060400015000471000027000622450027000892500010001162600034001265460012001600050017001720STCL150530s9999 xx 000 0 und d aSTCLcSTCL aChaucer; Skeat; Editor aChaucer complete works aFirst bOxford University pressc1969 aEnglish20220125170935.0